000
00211nam a2200097Ia 4500
008
220204s9999 xx 000 0 und d
082
_b
FRI
100
_a
Friday, Nancy
245
0
_a
Forbidden flowers
942
_c
BK
999
_c
32143
_d
32143